Čítanka pro 2. ročník základní školy : knížka ke čtení, zpívání, hraní a malování /

Hlavní autor: Brukner, Josef, 1932-2015
Další autoři: Čížková, Miroslava
Jazyk: Čeština
Vydáno: Praha : SPN - pedagogické nakladatelství, 2003
Vydání: 2. upr. vyd.
Témata:
Externí odkaz: Digitalizovaný dokument
Fyzický popis: 135 s. : barev. il. ; 24 cm
Knihy
Uloženo v:
LEADER 01453nam a2200349 a 4500
001 000677856
003 CZ BrMZK
005 20060208150854.0
007 ta
008 030715s2003 xr a b p 000 0 cze d
015 |a cnb001277213 
020 |a 80-7235-222-9  |q (brož.) 
035 |a (OCoLC)53859588 
040 |a BOA001  |b cze 
072 7 |a 82.0  |x Literatura (teorie)  |2 Konspekt  |9 11 
072 7 |a 37.016  |x Učební osnovy. Vyučovací předměty. Učebnice  |2 Konspekt  |9 22 
080 |a 37.016:82  |2 MRF 
080 |a (075.2)  |2 MRF 
100 1 |a Brukner, Josef,  |d 1932-2015  |7 jk01013304  |4 aut 
245 1 0 |a Čítanka pro 2. ročník základní školy :  |b knížka ke čtení, zpívání, hraní a malování /  |c Josef Brukner - Miroslava Čížková 
250 |a 2. upr. vyd. 
260 |a Praha :  |b SPN - pedagogické nakladatelství,  |c 2003 
300 |a 135 s. :  |b barev. il. ;  |c 24 cm 
500 |a Dostupné též v digitální podobě v aplikaci Kramerius 
650 0 7 |a literární výchova  |7 ph117228  |2 czenas 
655 7 |a učebnice základních škol  |7 fd133773  |2 czenas 
655 7 |a čítanky  |7 fd133984  |2 czenas 
700 1 |a Čížková, Miroslava  |7 mzk2004252199  |4 aut 
856 4 1 |u http://www.digitalniknihovna.cz/mzk/uuid/uuid:b1ddbf60-208f-11e5-8cc8-005056827e52  |y Digitalizovaný dokument  |x NDK 
910 |a BOA001  |b 2-1121.873 
990 |a BK 
996 6 |b 2610195537  |c 2-1121.873  |l MZK  |r Sklad / do 1 hodiny  |n 0  |p p.v.  |w 000677856  |u 000010  |a 1  |e BOA001  |j MZK50  |s P